| 000 | 01067cam a2200229 4500 | ||
|---|---|---|---|
| 008 | 090401t1990 xxu||||| |||| 00| 0 eng d | ||
| 020 | _a0906182530 | ||
| 035 | _a(Sirsi) u18818 | ||
| 041 | _aeng | ||
| 050 | _a690.24 | ||
| 110 |
_aBuilding Maintenance Information Ltd _92307 |
||
| 245 | _aMeasured term contracts : BMI seminar papers, (29 June 1990) | ||
| 260 |
_aKingston upon Thames _bBuilding Maintenance Information Ltd _c1990 |
||
| 300 | _a43p. ; 30cm. | ||
| 350 | _a0 | ||
| 490 |
_aSerial _v193 |
||
| 520 | _aPapers:-Measured term contracts/ GOLDS,R.N. - JCT Standard Form of Measured Term Contract / HARRIS,G. - Schedule of rates / MARTIN,J.L.N. -Audit of measured term contracts/ LOWE,D.F. -Pitfalls auditing/GOLDS,R.N.- Contractors the measured term contract/ WOODHOUSE,J. This item is part of a subscription service and cannot be photocopied, neither can any part of it be read out over the phone. Please contact BMI direct on 0171-222-7000 for details. | ||
| 650 | _aBMI | ||
| 700 |
_aMartin, Joe _xEditor |
||
| 942 | _n0 | ||
| 948 | _c04/03/1997 | ||
| 999 |
_c87626 _d87626 |
||